000 00389pab a2200157 454500
008 180718b1997 xxu||||| |||| 00| 0 eng d
100 _aAlagh, Yoginder K.
245 _aChallenges facing the Indian economy
260 _c1997
300 _ap.4-8, 10
362 _aJun
650 _aEconomic and social development
650 _aEconomic planning
773 _aYojana
909 _a34037
999 _c34037
_d34037